| 000 | 00742cam a22002293a 4500 | ||
|---|---|---|---|
| 001 | 8140 | ||
| 003 | PGUSA | ||
| 005 | 20140828083153.0 | ||
| 008 | 050501s2005||||xxu|||||s|||||000 | eng d | ||
| 040 |
_aPGUSA _beng |
||
| 042 | _adc | ||
| 050 | 4 | _aBL | |
| 100 | 1 |
_aIngersoll, Robert Green, _d1833-1899 |
|
| 245 | 1 | 0 |
_aLectures of Col. R. G. Ingersoll, Volume I : _bIncluding His Answers to the Clergy, His Oration at His Brother's Grave, Etc., Etc. _h[electronic resource] / _cRobert Green Ingersoll |
| 260 |
_bProject Gutenberg, _c2005 |
||
| 506 | _aPublic domain in the USA. | ||
| 516 | _aElectronic text | ||
| 653 | _aFree thought | ||
| 830 | 0 |
_aProject Gutenberg _v8140 |
|
| 856 | 4 | 0 | _uhttp://www.gutenberg.org/ebooks/8140 |
| 942 | _cEB | ||
| 999 |
_c237440 _d237440 |
||